书目信息 |
| 题名: |
热处理的机械化与自动化
|
|
| 作者: | 孙一唐 编著 | |
| 分册: | ||
| 出版信息: | 北京 机械工业出版社 1983.2 |
|
| 页数: | 386页 | |
| 开本: | 26cm | |
| 丛书名: | ||
| 单 册: | ||
| 中图分类: | TG155 | |
| 科图分类: | ||
| 主题词: | 热处理 | |
| 电子资源: | ||
| ISBN: | ||
| 000 | 00556nam0 2200193 45 | |
| 001 | 0312221749 | |
| 005 | 20031222170911.0 | |
| 010 | @dCNY3.05 | |
| 100 | @a20031222d1983 km y0chiy0120 ea | |
| 101 | @achi | |
| 105 | @a z 000yy | |
| 200 | 1 | @a热处理的机械化与自动化@ARe Chu Li De Ji Xie Hua Yu Zi Dong Hua@f孙一唐等编著@FSun Yi Tang Deng Bian Zhu |
| 210 | @a北京@c机械工业出版社@d1983.2 | |
| 215 | @a386页@d26cm | |
| 606 | 0 | @a热处理 |
| 690 | @aTG155@v3 | |
| 701 | 0 | @a孙一唐@4编著 |
| 801 | @aCN@bTSTCL@c20031222 | |
| 905 | @a213230@dTG155@e10@b160914@f1 | |
| 热处理的机械化与自动化/孙一唐等编著.-北京:机械工业出版社,1983.2 |
| 386页;26cm |
| ISBN :CNY3.05 |
| ● |
| 相关链接 |
|
|
|
|
正题名:热处理的机械化与自动化
索取号:TG155/10
 
预约/预借
| 序号 | 登录号 | 条形码 | 馆藏地/架位号 | 状态 | 备注 |
| 1 | 0160914 | 001362698 | 第二样本阅览室/ [索取号:TG155/10] | 在馆 |